Comparative study of Pierre Bonnards "Nude crouching in the Tub" and D. H. Lawrences "Gloire de Dijon Roses" (Registro nro. 30271)

Detalles MARC
000 -LEADER
fixed length control field 00382 a2200109 4500
001 - CONTROL NUMBER
control field ART_27838
005 - DATE AND TIME OF LATEST TRANSACTION
control field 20260410161950.0
008 - FIXED-LENGTH DATA ELEMENTS--GENERAL INFORMATION
fixed length control field 260409a
100 1# - MAIN ENTRY--PERSONAL NAME
Personal name Acquarone, Cecilia
245 10 - TITLE STATEMENT
Title Comparative study of Pierre Bonnards "Nude crouching in the Tub" and D. H. Lawrences "Gloire de Dijon Roses"
773 0# - HOST ITEM ENTRY
Title Invenio
Related parts - Año 4, Nº 7 (dic. 2001)
Record control number REV27781

No hay ítems disponibles.